MARC details
| 000 -LEADER |
| fixed length control field |
04396nam a22005895i 4500 |
| 005 - DATE AND TIME OF LATEST TRANSACTION |
| control field |
20230718140344.0 |
| 006 - FIXED-LENGTH DATA ELEMENTS--ADDITIONAL MATERIAL CHARACTERISTICS |
| fixed length control field |
m|||||o||d|||||||| |
| 007 - PHYSICAL DESCRIPTION FIXED FIELD--GENERAL INFORMATION |
| fixed length control field |
cr || |||||||| |
| 008 - FIXED-LENGTH DATA ELEMENTS--GENERAL INFORMATION |
| fixed length control field |
221201t20142014ne fo d z eng d |
| 020 ## - INTERNATIONAL STANDARD BOOK NUMBER |
| International Standard Book Number |
9789048523160 |
| 040 ## - CATALOGING SOURCE |
| Original cataloging agency |
DE-B1597 |
| Language of cataloging |
eng |
| Transcribing agency |
DE-B1597 |
| Description conventions |
rda |
| 041 0# - LANGUAGE CODE |
| Language code of text/sound track or separate title |
eng |
| 082 04 - DEWEY DECIMAL CLASSIFICATION NUMBER |
| Classification number |
325.4 |
| Edition number |
23 |
| 245 00 - TITLE STATEMENT |
| Title |
Transit Migration in Europe / |
| Statement of responsibility, etc. |
ed. by Michael Collyer, Irina Molodikova, Franck Düvell. |
| 264 #1 - PRODUCTION, PUBLICATION, DISTRIBUTION, MANUFACTURE, AND COPYRIGHT NOTICE |
| Place of production, publication, distribution, manufacture |
Amsterdam : |
| Name of producer, publisher, distributor, manufacturer |
Amsterdam University Press, |
| Date of production, publication, distribution, manufacture, or copyright notice |
[2014] |
| 264 #4 - PRODUCTION, PUBLICATION, DISTRIBUTION, MANUFACTURE, AND COPYRIGHT NOTICE |
| Date of production, publication, distribution, manufacture, or copyright notice |
©2014 |
| 300 ## - PHYSICAL DESCRIPTION |
| Extent |
1 online resource (248 p.) : |
| Other physical details |
15 halftones |
| 336 ## - CONTENT TYPE |
| Content type term |
text |
| Content type code |
txt |
| Source |
rdacontent |
| 337 ## - MEDIA TYPE |
| Media type term |
computer |
| Media type code |
c |
| Source |
rdamedia |
| 338 ## - CARRIER TYPE |
| Carrier type term |
online resource |
| Carrier type code |
cr |
| Source |
rdacarrier |
| 347 ## - DIGITAL FILE CHARACTERISTICS |
| File type |
text file |
| Encoding format |
PDF |
| Source |
rda |
| 490 0# - SERIES STATEMENT |
| Series statement |
IMISCOE Research |
| 505 00 - FORMATTED CONTENTS NOTE |
| Title |
Frontmatter -- |
| -- |
Table of Contents -- |
| -- |
List of Figures and Tables -- |
| -- |
Preface -- |
| -- |
1. Introduction -- |
| -- |
Part 1 The Mediterranean Quadrants -- |
| -- |
2. Migrants' Uncertainties versus the State's Insecurities -- |
| -- |
3. Refugee Migration to Egypt: Settlement or Transit? -- |
| -- |
4. Transnational Migration -- |
| -- |
5. Trying to Transit -- |
| -- |
Part 2 The Central and Eastern European Quadrants -- |
| -- |
6. The East-to-West Circuit -- |
| -- |
7. Hungary and the System of European Transit Migration -- |
| -- |
8. Irregular Transit Migration of Moldovan Citizens to the European Union Countries -- |
| -- |
9. Transit Migrations in the European Migration Spaces -- |
| -- |
Abbreviations -- |
| -- |
Author information -- |
| -- |
Other IMISCOE Research titles |
| 506 0# - RESTRICTIONS ON ACCESS NOTE |
| Standardized terminology for access restriction |
unrestricted online access |
| Source of term |
star |
| 520 ## - SUMMARY, ETC. |
| Summary, etc. |
Transit migration is a term that is used to describe mixed flows of different types of temporary migrants, including refugees and labor migrants. In the popular press, it is often confused with illegal or irregular migration and carries associations with human smuggling and organized crime. This volume addresses that confusion, and the uncertainty of terminology and analysis that underlies it, offering an evidence-based, comprehensive approach to defining and understanding transit migration in Europe. |
| 538 ## - SYSTEM DETAILS NOTE |
| System details note |
Mode of access: Internet via World Wide Web. |
| 540 ## - TERMS GOVERNING USE AND REPRODUCTION NOTE |
| Terms governing use and reproduction |
This eBook is made available Open Access under a CC BY-NC-ND 4.0 license: |
| Uniform Resource Identifier |
<a href="https://creativecommons.org/licenses/by-nc-nd/4.0https://www.aup.nl/en/publish/open-access">https://creativecommons.org/licenses/by-nc-nd/4.0https://www.aup.nl/en/publish/open-access</a> |
| 546 ## - LANGUAGE NOTE |
| Language note |
In English. |
| 588 0# - SOURCE OF DESCRIPTION NOTE |
| Source of description note |
Description based on online resource; title from PDF title page (publisher's Web site, viewed 01. Dez 2022) |
| 650 #4 - SUBJECT ADDED ENTRY--TOPICAL TERM |
| Topical term or geographic name entry element |
Social and Political Sciences. |
| 650 #4 - SUBJECT ADDED ENTRY--TOPICAL TERM |
| Topical term or geographic name entry element |
Sociology and Social History. |
| 650 #7 - SUBJECT ADDED ENTRY--TOPICAL TERM |
| Topical term or geographic name entry element |
SOCIAL SCIENCE / Sociology / General. |
| Source of heading or term |
bisacsh |
| 653 ## - INDEX TERM--UNCONTROLLED |
| Uncontrolled term |
Transit migration, mixed migration, irregular migration, refugees, migration and border controls. |
| 700 1# - ADDED ENTRY--PERSONAL NAME |
| Personal name |
Alioua, Mehdi, |
| Relator term |
contributor. |
| Relator code |
ctb |
| -- |
https://id.loc.gov/vocabulary/relators/ctb |
| 700 1# - ADDED ENTRY--PERSONAL NAME |
| Personal name |
Collyer, Michael, |
| Relator term |
contributor. |
| Relator code |
ctb |
| -- |
https://id.loc.gov/vocabulary/relators/ctb |
| 700 1# - ADDED ENTRY--PERSONAL NAME |
| Personal name |
Collyer, Michael, |
| Relator term |
editor. |
| Relator code |
edt |
| -- |
http://id.loc.gov/vocabulary/relators/edt |
| 700 1# - ADDED ENTRY--PERSONAL NAME |
| Personal name |
Düvell, Franck, |
| Relator term |
contributor. |
| Relator code |
ctb |
| -- |
https://id.loc.gov/vocabulary/relators/ctb |
| 700 1# - ADDED ENTRY--PERSONAL NAME |
| Personal name |
Düvell, Franck, |
| Relator term |
editor. |
| Relator code |
edt |
| -- |
http://id.loc.gov/vocabulary/relators/edt |
| 700 1# - ADDED ENTRY--PERSONAL NAME |
| Personal name |
Haas, Hein de, |
| Relator term |
contributor. |
| Relator code |
ctb |
| -- |
https://id.loc.gov/vocabulary/relators/ctb |
| 700 1# - ADDED ENTRY--PERSONAL NAME |
| Personal name |
Ivakhnyuk, Irina, |
| Relator term |
contributor. |
| Relator code |
ctb |
| -- |
https://id.loc.gov/vocabulary/relators/ctb |
| 700 1# - ADDED ENTRY--PERSONAL NAME |
| Personal name |
Mainwaring, Cetta, |
| Relator term |
contributor. |
| Relator code |
ctb |
| -- |
https://id.loc.gov/vocabulary/relators/ctb |
| 700 1# - ADDED ENTRY--PERSONAL NAME |
| Personal name |
Molodikova, Irina, |
| Relator term |
contributor. |
| Relator code |
ctb |
| -- |
https://id.loc.gov/vocabulary/relators/ctb |
| 700 1# - ADDED ENTRY--PERSONAL NAME |
| Personal name |
Molodikova, Irina, |
| Relator term |
editor. |
| Relator code |
edt |
| -- |
http://id.loc.gov/vocabulary/relators/edt |
| 700 1# - ADDED ENTRY--PERSONAL NAME |
| Personal name |
Mosneaga, Valerii, |
| Relator term |
contributor. |
| Relator code |
ctb |
| -- |
https://id.loc.gov/vocabulary/relators/ctb |
| 700 1# - ADDED ENTRY--PERSONAL NAME |
| Personal name |
Sert, Deniz, |
| Relator term |
contributor. |
| Relator code |
ctb |
| -- |
https://id.loc.gov/vocabulary/relators/ctb |
| 700 1# - ADDED ENTRY--PERSONAL NAME |
| Personal name |
Sharmani, Mulki, |
| Relator term |
contributor. |
| Relator code |
ctb |
| -- |
https://id.loc.gov/vocabulary/relators/ctb |
| 700 1# - ADDED ENTRY--PERSONAL NAME |
| Personal name |
İçduygu, Ahmet, |
| Relator term |
contributor. |
| Relator code |
ctb |
| -- |
https://id.loc.gov/vocabulary/relators/ctb |
| 856 40 - ELECTRONIC LOCATION AND ACCESS |
| Uniform Resource Identifier |
<a href="https://doi.org/10.1515/9789048523160?locatt=mode:legacy">https://doi.org/10.1515/9789048523160?locatt=mode:legacy</a> |
| Public note |
Open Access |
| -- |
0 |
| 856 40 - ELECTRONIC LOCATION AND ACCESS |
| Uniform Resource Identifier |
<a href="https://www.degruyter.com/isbn/9789048523160">https://www.degruyter.com/isbn/9789048523160</a> |
| Public note |
Open Access |
| -- |
0 |
| 856 42 - ELECTRONIC LOCATION AND ACCESS |
| Materials specified |
Cover |
| Uniform Resource Identifier |
<a href="https://www.degruyter.com/document/cover/isbn/9789048523160/original">https://www.degruyter.com/document/cover/isbn/9789048523160/original</a> |
| 942 ## - ADDED ENTRY ELEMENTS (KOHA) |
| Koha item type |
E-Book |